Business Laws (Record no. 9577)

MARC details
000 -LEADER
fixed length control field 00369nam a22001577a 4500
005 - DATE AND TIME OF LATEST TRANSACTION
control field 20260402105206.0
008 - FIXED-LENGTH DATA ELEMENTS--GENERAL INFORMATION
fixed length control field 260402b |||||||| |||| 00| 0 eng d
041 ## - LANGUAGE CODE
Language English
100 ## - MAIN ENTRY--PERSONAL NAME
Main Author Name Gara, Ajay Kumar
245 ## - TITLE STATEMENT
Title Business Laws
250 ## - EDITION STATEMENT
Edition 17th.
260 ## - PUBLICATION, DISTRIBUTION, ETC.
Place of publication Newdelhi:
publisher Name Nabhi Publication,
Date of publication 2019.
300 ## - PHYSICAL DESCRIPTION
Number Of Page 480 p.
650 ## - SUBJECT ADDED ENTRY--TOPICAL TERM
Subject Business Laws
942 ## - ADDED ENTRY ELEMENTS (KOHA)
Koha item type Donated Book
Holdings
Lost status Source of classification or shelving scheme Not for loan Home library Current library Date last seen Koha item type School Total Checkouts Full call number Barcode Copy number Price effective from Withdrawn status Date acquired Source of acquisition Cost, normal purchase price
  Dewey Decimal Classification   BSOL BSOL 02/04/2026 Donated Book School of Law   346.07 GAR G725 1 02/04/2026   02/04/2026 prithivi Raj 310.00

Maintained and Designed by
2cqr automation private limited, Chennai. All Rights Reserved.

You are Visitor Number

PHP Hits Count